000 00903nam a22002057a 4500
999 _c8048
_d8048
003 AR-CdUCM
008 190322b ||||| |||| 00| 0 spa d
040 _aMUNICIPALIDAD PROVINCIAL DEL CUSCO
_cBIBLIOTECA MUNICIPAL DEL CUSCO
082 _a545.076 /
_bA68
100 _aArenson, Saul B.
_922745
245 _aCómo resolver problemas numéricos en análisis cuantitativo /
260 _aBarcelona :
_bM. Marín & Cía,
_c1956.
300 _a123 paginas ;
_c19 cm.
505 _aContenido :Análisis gravitamiento -- Soluciones normales en volumetrias de neutralización -- Disoluciones normales en volumetrias de oxidación y reducción -- Soluciones normales de las valoraciones de precipitación -- Gráficos y curvas ...
650 _aQuímica analítica cuantitativa
_922746
650 _aProblemas, ejercicios
_919962
650 _aQuímica pura
_910177
942 _2ddc
_cLIBROS
945 _arum